000 00269nam a22001097a 4500
082 _a823
_bOLI/L
100 _aOLIVER, MARY
245 _aTHE LEGEND OF SANTA CLAUS
246 _aTHE LEGEND OF SANTA CLAUS
_bTHE LEGEND OF SANTA CLAUS
650 _aENGLISH STORY
942 _cBK
999 _c8830
_d8830